| 000 | 00947nam a2200277Ia 4500 | ||
|---|---|---|---|
| 003 | OSt | ||
| 005 | 20260116153514.0 | ||
| 008 | 220923b |||||||| |||| 00| 0 eng d | ||
| 020 | _a0195095405 | ||
| 037 | _cGeneral Book | ||
| 040 |
_aRTL _cRTL _beng |
||
| 041 |
_2eng _aeng |
||
| 084 |
_a Y:423.1(X).N9, N5 _q RTL |
||
| 100 |
_aDesjarlais Robert _9321755 |
||
| 245 | 0 | _aWorld mental health: problems and priorities in low-income countries | |
| 260 |
_aNew York _bOxford University Press _c1995 |
||
| 300 |
_ax, 382 p. _b Includes bibliographical references and index. |
||
| 500 | _aBibliography: P 314-48 | ||
| 650 |
_a Sociology _9898333 |
||
| 650 |
_aMental Degeneration _9321756 |
||
| 700 |
_a Eisenberg Leon _e Co-author _9898334 |
||
| 700 |
_a Good Byron _e Co-author _9898335 |
||
| 700 |
_a Kleinman Arthur _e Co-author _9898336 |
||
| 942 |
_h Y:423.1(X).N9, N5 _cGB _2CC _n0 |
||
| 999 |
_c630796 _d630796 |
||